[Event "Jiraskuv memorial B"]
[Site "Rakovnik"]
[Date "2012.08.10"]
[Round "8"]
[White "Zika, Vaclav"]
[Black "Misicko, Jan"]
[Result "1-0"]
[WhiteElo "1749"]
[BlackElo "1545"]
[Annotator "Lev,Pavel"]
[PlyCount "75"]
[EventDate "2012.08.??"]
[EventType "swiss"]
[EventRounds "9"]
[EventCountry "CZE"]

1. d4 b6 2. Nf3 Bb7 3. g3 d6 4. Bg2 Nd7 5. O-O Ngf6 6. c4 e5 7. d5 Be7 8. Nc3
O-O 9. Qc2 c6 10. e4 cxd5 11. Nxd5 Nxd5 12. exd5 Rc8 13. Qe2 Nf6 14. Nd2 Qd7
15. Re1 b5 16. cxb5 Nxd5 17. Nb3 Nb4 18. Bxb7 Qxb7 19. Rb1 Rc7 20. Qd1 Rfc8 21.
Na1 Rxc1 22. Rxc1 Rxc1 23. Qxc1 Nd3 24. Qc6 Qb6 25. Qxb6 axb6 26. Re2 f5 27.
Rc2 Kf7 28. a3 d5 29. b4 e4 30. Rc6 Ne5 31. Rxb6 Nf3+ 32. Kg2 d4 33. Rc6 d3 34.
Rc1 d2 35. Rd1 Bg5 36. b6 Ne5 37. b7 Nd7 38. Nb3 1-0

[Event "Jiraskuv memorial B"]
[Site "Rakovnik"]
[Date "2012.08.10"]
[Round "8"]
[White "Masek, Jaroslav"]
[Black "Koblic, Miroslav"]
[Result "1-0"]
[WhiteElo "1670"]
[BlackElo "1683"]
[Annotator "Lev,Pavel"]
[PlyCount "103"]
[EventDate "2012.08.??"]
[EventType "swiss"]
[EventRounds "9"]
[EventCountry "CZE"]

1. e4 c6 2. d4 d5 3. Nc3 Nf6 4. exd5 cxd5 5. Nf3 Bg4 6. Be2 e6 7. O-O Bd6 8.
Nb5 O-O 9. Nxd6 Qxd6 10. Ne5 Bxe2 11. Qxe2 Nc6 12. c3 Nd7 13. Bf4 Qe7 14. Nxd7
Qxd7 15. Rad1 Rae8 16. Rd3 Qe7 17. Bg3 f5 18. Be5 Nxe5 19. Qxe5 Rf6 20. f4 Rh6
21. Rff3 Rf8 22. Rde3 a6 23. Rh3 Rff6 24. Rxh6 Rxh6 25. Qxf5 Rf6 26. Qxd5 h6
27. f5 exd5 28. Rxe7 Rxf5 29. Rxb7 a5 30. Ra7 Rf6 31. Rxa5 Rd6 32. Rc5 Kf7 33.
b4 Ke6 34. a4 Kf5 35. c4 Ke4 36. Rxd5 Rb6 37. b5 Rf6 38. a5 Kd3 39. c5 Kc4 40.
Rd6 Rf4 41. b6 Kb5 42. b7 Rf8 43. b8=Q+ Rxb8 44. Rb6+ Rxb6 45. axb6 Kc6 46. Kf2
g6 47. Ke3 h5 48. Kf4 Kd7 49. Kg5 h4 50. Kxh4 Kc6 51. Kg5 Kd7 52. Kxg6 1-0

[Event "Jiraskuv memorial B"]
[Site "Rakovnik"]
[Date "2012.08.10"]
[Round "8"]
[White "Pribyl, Viktor"]
[Black "Verner, Jaromir"]
[Result "1/2-1/2"]
[WhiteElo "1303"]
[BlackElo "1368"]
[Annotator "Lev,Pavel"]
[PlyCount "76"]
[EventDate "2012.08.??"]
[EventType "swiss"]
[EventRounds "9"]
[EventCountry "CZE"]

1. d4 Nf6 2. c4 d5 3. Nf3 e6 4. Bg5 Be7 5. e3 O-O 6. Nc3 Nc6 7. Rc1 Re8 8. Bd3
a6 9. O-O b6 10. a3 Bb7 11. Qc2 g6 12. Rfd1 Ng4 13. Bxe7 Qxe7 14. cxd5 exd5 15.
Nxd5 Qd6 16. e4 Rac8 17. Bc4 Na5 18. Ba2 c5 19. e5 Qc6 20. h3 c4 21. Nb4 Qd7
22. hxg4 Qxg4 23. d5 Nb3 24. Bxb3 cxb3 25. Qxb3 a5 26. Rxc8 Rxc8 27. Na2 Rc5
28. d6 a4 29. Qe3 Rxe5 30. Qc3 Rc5 31. Qe3 Qd7 32. Qe7 Bc6 33. Qxd7 Bxd7 34.
Nc3 b5 35. Ne4 Rf5 36. Rc1 Kf8 37. Nc5 Ke8 38. Rd1 Rxc5 1/2-1/2

[Event "Jiraskuv memorial B"]
[Site "Rakovnik"]
[Date "2012.08.11"]
[Round "9"]
[White "Mitosinka, Boris"]
[Black "Ruzicka, Vaclav"]
[Result "0-1"]
[WhiteElo "1563"]
[BlackElo "1698"]
[Annotator "Lev,Pavel"]
[PlyCount "49"]
[EventDate "2012.08.??"]
[EventType "swiss"]
[EventRounds "9"]
[EventCountry "CZE"]

1. Nf3 Nf6 2. c4 e6 3. g3 d5 4. Bg2 Bd6 5. O-O O-O 6. b3 c5 7. Bb2 d4 8. e3 e5
9. exd4 cxd4 10. d3 Qc7 11. Qc2 Bf5 12. Nbd2 Nbd7 13. Rfe1 Nc5 14. Bf1 Rfe8 15.
b4 Ncd7 16. c5 b6 17. Nh4 Be6 18. Bg2 Rac8 19. c6 Bxb4 20. Nhf3 Qxc6 21. Qxc6
Rxc6 22. Nxe5 Rc2 23. Nxd7 Bxd7 24. Bxd4 Bxd2 25. Red1 0-1

[Event "Jiraskuv memorial B"]
[Site "Rakovnik"]
[Date "2012.08.11"]
[Round "9"]
[White "Holy, Filip"]
[Black "Pribylova, Sofie"]
[Result "1/2-1/2"]
[WhiteElo "1609"]
[BlackElo "1374"]
[Annotator "Lev,Pavel"]
[PlyCount "73"]
[EventDate "2012.08.??"]
[EventType "swiss"]
[EventRounds "9"]
[EventCountry "CZE"]

1. e4 c5 2. Nf3 d6 3. c3 Nf6 4. Bb5+ Bd7 5. Bxd7+ Nbxd7 6. Qe2 e6 7. d4 Be7 8.
O-O O-O 9. Bg5 Rc8 10. h3 Re8 11. Nbd2 h6 12. Bf4 cxd4 13. cxd4 Rc2 14. Qe3 Qc7
15. b3 Rc3 16. Qe2 Rc2 17. Ne1 Rc6 18. Nd3 Qb6 19. Be3 Qa6 20. Nc4 d5 21. exd5
Nxd5 22. Rfc1 Rec8 23. a4 b5 24. axb5 Qxb5 25. Qd1 a6 26. Bd2 Rb8 27. Rcb1 N7f6
28. Ra4 Qb7 29. Nde5 Rbc8 30. Qf3 Bb4 31. Ra2 Bxd2 32. Rxd2 Qb4 33. Rc2 a5 34.
Nd3 Qe7 35. Nc5 Nb4 36. Rd2 Nfd5 37. Ne5 1/2-1/2

[Event "Jiraskuv memorial B"]
[Site "Rakovnik"]
[Date "2012.08.11"]
[Round "9"]
[White "Verner, Jaromir"]
[Black "Truksa, Martin"]
[Result "1/2-1/2"]
[WhiteElo "1368"]
[BlackElo "1432"]
[Annotator "Lev,Pavel"]
[PlyCount "65"]
[EventDate "2012.08.??"]
[EventType "swiss"]
[EventRounds "9"]
[EventCountry "CZE"]

1. Nf3 Nf6 2. d4 d5 3. h3 g6 4. Bf4 Bg7 5. e3 O-O 6. Nc3 Bf5 7. g4 Be4 8. Nb5
Na6 9. Rg1 c6 10. Nc3 b5 11. a3 Nc7 12. Ne5 Qd6 13. f3 g5 14. Nxf7 Qe6 15. Nh6+
Bxh6 16. Bxc7 Bg6 17. Be5 Bg7 18. Bd3 Bxd3 19. Qxd3 Nd7 20. Bxg7 Kxg7 21. Rg3
Rf7 22. O-O-O Raf8 23. e4 dxe4 24. Nxe4 h6 25. Kb1 Qg6 26. Re1 a6 27. Qc3 Kg8
28. Nc5 Nxc5 29. Qxc5 Rxf3 30. Rxf3 Rxf3 31. Qxe7 Rxh3 32. Qd8+ Kf7 33. Re7+
1/2-1/2

[Event "Jiraskuv memorial B"]
[Site "Rakovnik"]
[Date "2012.08.11"]
[Round "9"]
[White "Bauer, Ondrej"]
[Black "Zika, Vaclav"]
[Result "1/2-1/2"]
[WhiteElo "1745"]
[BlackElo "1749"]
[Annotator "Lev,Pavel"]
[PlyCount "34"]
[EventDate "2012.08.??"]
[EventType "swiss"]
[EventRounds "9"]
[EventCountry "CZE"]

1. d4 Nf6 2. c4 g6 3. Nc3 Bg7 4. e4 d6 5. g3 O-O 6. Bd3 c6 7. Be3 a6 8. a4 e5
9. d5 Re8 10. b4 cxd5 11. cxd5 Nbd7 12. Nf3 b6 13. a5 b5 14. Rc1 Bb7 15. O-O
Rc8 16. Na2 Qe7 17. Qd2 Qf8 1/2-1/2

[Event "Jiraskuv memorial B"]
[Site "Rakovnik"]
[Date "2012.08.11"]
[Round "9"]
[White "Srkal, Miroslav"]
[Black "Abraham, Karel"]
[Result "1/2-1/2"]
[WhiteElo "1822"]
[BlackElo "1791"]
[Annotator "Lev,Pavel"]
[PlyCount "28"]
[EventDate "2012.08.??"]
[EventType "swiss"]
[EventRounds "9"]
[EventCountry "CZE"]

1. d4 Nf6 2. Nf3 g6 3. c4 c5 4. Nc3 cxd4 5. Nxd4 Bg7 6. g3 O-O 7. Bg2 Nc6 8.
Nc2 d6 9. O-O Rb8 10. Rb1 Be6 11. b3 Qd7 12. Bb2 Bh3 13. e4 Bxg2 14. Kxg2 Rfe8
1/2-1/2

[Event "Jiraskuv memorial B"]
[Site "Rakovnik"]
[Date "2012.08.11"]
[Round "9"]
[White "Koblic, Miroslav"]
[Black "Zacek, Petr"]
[Result "1-0"]
[WhiteElo "1683"]
[BlackElo "1568"]
[Annotator "Lev,Pavel"]
[PlyCount "75"]
[EventDate "2012.08.??"]
[EventType "swiss"]
[EventRounds "9"]
[EventCountry "CZE"]

1. f4 d5 2. Nf3 c5 3. e3 Bf5 4. d4 e6 5. c3 Nf6 6. Bb5+ Nbd7 7. O-O Bd6 8. Ne5
O-O 9. Bd3 Ne4 10. Nd2 Nxe5 11. fxe5 Nxd2 12. Qxd2 Bxd3 13. Qxd3 c4 14. Qc2 Be7
15. Rf3 f5 16. exf6 Rxf6 17. Rh3 Rg6 18. e4 Bg5 19. e5 Qe7 20. Rg3 Rf8 21. Be3
Bxe3+ 22. Rxe3 Qg5 23. Rg3 Qf5 24. Qxf5 Rxf5 25. Rxg6 hxg6 26. b3 b5 27. b4 Rf4
28. a4 a6 29. axb5 axb5 30. Ra5 Re4 31. Kf2 g5 32. g3 Kh7 33. Rxb5 Kg6 34. Rb6
Kf5 35. h3 g4 36. h4 g5 37. hxg5 Kxg5 38. Rxe6 1-0

[Event "Jiraskuv memorial B"]
[Site "Rakovnik"]
[Date "2012.08.11"]
[Round "9"]
[White "Vankova, Veronika"]
[Black "Pribyl, Viktor"]
[Result "1-0"]
[WhiteElo "1254"]
[BlackElo "1303"]
[Annotator "Lev,Pavel"]
[PlyCount "79"]
[EventDate "2012.08.??"]
[EventType "swiss"]
[EventRounds "9"]
[EventCountry "CZE"]

1. e4 c5 2. Nc3 d6 3. Nf3 Nc6 4. Bb5 Bd7 5. Bc4 e6 6. d3 a6 7. a3 b5 8. Bb3 g6
9. O-O Bg7 10. Qe1 Nge7 11. Rb1 O-O 12. h3 Qb6 13. Be3 Rac8 14. Ba2 Qb7 15. Qd2
Rfd8 16. Bh6 a5 17. Qf4 b4 18. axb4 axb4 19. Ne2 Ra8 20. Bb3 Na5 21. Nc1 Nxb3
22. Nxb3 Qc6 23. Bxg7 Kxg7 24. Ng5 f6 25. Nf3 g5 26. Qg3 h5 27. h4 g4 28. Nh2
e5 29. f3 Rg8 30. fxg4 Kf7 31. g5 d5 32. Qe3 d4 33. Qe2 Rg6 34. Qxh5 Rag8 35.
Rxf6+ Qxf6 36. gxf6 Nc6 37. Nxc5 Bc8 38. Nf3 Bg4 39. Nxe5+ Nxe5 40. Qxe5 1-0

[Event "Jiraskuv memorial B"]
[Site "Rakovnik"]
[Date "2012.08.11"]
[Round "9"]
[White "Hejda, Vaclav"]
[Black "Hajek, Jiri"]
[Result "1/2-1/2"]
[WhiteElo "1820"]
[BlackElo "1825"]
[Annotator "Lev,Pavel"]
[PlyCount "89"]
[EventDate "2012.08.??"]
[EventType "swiss"]
[EventRounds "9"]
[EventCountry "CZE"]

1. e4 c5 2. Nf3 Nc6 3. d4 cxd4 4. Nxd4 e6 5. Nc3 Nf6 6. Be3 a6 7. a3 Be7 8. Be2
O-O 9. O-O Qc7 10. Qd2 Rd8 11. Rad1 b5 12. Bf4 e5 13. Nxc6 dxc6 14. Bxe5 Qxe5
15. Qxd8+ Bxd8 16. Rxd8+ Ne8 17. Rfd1 Bb7 18. Bg4 h5 19. Bh3 g6 20. Rxa8 Bxa8
21. Rd8 Kg7 22. Rxa8 Nd6 23. Rxa6 Qd4 24. g3 Nxe4 25. Nxe4 Qxe4 26. b4 Qxc2 27.
Bg2 Qc1+ 28. Bf1 g5 29. a4 bxa4 30. Rxa4 Qe1 31. Ra6 Qxb4 32. Rxc6 Qe1 33. Ra6
f6 34. Ra4 Qd1 35. Rc4 Kg6 36. h3 f5 37. h4 f4 38. Rc6+ Kg7 39. Rc7+ Kg6 40.
Rc6+ Kf7 41. hxg5 fxg3 42. Rf6+ Kg7 43. fxg3 Qg4 44. Kh2 Qxg5 45. Rf4 1/2-1/2

[Event "Jiraskuv memorial B"]
[Site "Rakovnik"]
[Date "2012.08.11"]
[Round "9"]
[White "Kadlec, Daniel"]
[Black "Masek, Jaroslav"]
[Result "1/2-1/2"]
[WhiteElo "1651"]
[BlackElo "1670"]
[Annotator "Lev,Pavel"]
[PlyCount "111"]
[EventDate "2012.08.??"]
[EventType "swiss"]
[EventRounds "9"]
[EventCountry "CZE"]

1. e4 e5 2. Nf3 Nc6 3. Bc4 Be7 4. O-O Nf6 5. Re1 O-O 6. c3 d6 7. d4 Bg4 8. Nbd2
exd4 9. Qc2 dxc3 10. Qxc3 Nd7 11. Bd5 Bf6 12. Qa3 Nb6 13. Bxc6 bxc6 14. Qd3 Nd7
15. Qc4 c5 16. Rb1 Ne5 17. Nxe5 Bxe5 18. b3 Be6 19. Qd3 f5 20. f3 Bxh2+ 21. Kf1
Be5 22. Bb2 Qf6 23. Bxe5 Qxe5 24. Nc4 Qh2 25. exf5 Bxf5 26. Qd5+ Kh8 27. Rb2
Qh1+ 28. Kf2 Qh4+ 29. Kf1 Qd4 30. Qxd4 cxd4 31. Rd2 d3 32. Re7 Rac8 33. Nb2
Rfe8 34. Rxe8+ Rxe8 35. Nxd3 Kg8 36. Nb4 Bd7 37. Kf2 Kf7 38. Na6 Rc8 39. Nc5
Bb5 40. Ne4 h6 41. Rxd6 cxd6 42. Nxd6+ Ke6 43. Nxc8 a6 44. Ke3 g5 45. Kd4 h5
46. Ke3 Ke5 47. Nb6 Bf1 48. Nd7+ Kf5 49. Kf2 Bd3 50. Nc5 Bb1 51. a3 Ba2 52.
Nxa6 Bxb3 53. Nc5 Bd5 54. a4 h4 55. a5 g4 56. fxg4+ 1/2-1/2

[Event "Jiraskuv memorial B"]
[Site "Rakovnik"]
[Date "2012.08.11"]
[Round "9"]
[White "Misicko, Jan"]
[Black "Hajsman, Martin"]
[Result "0-1"]
[WhiteElo "1545"]
[BlackElo "1718"]
[Annotator "Lev,Pavel"]
[PlyCount "50"]
[EventDate "2012.08.??"]
[EventType "swiss"]
[EventRounds "9"]
[EventCountry "CZE"]

1. f4 e6 2. Nf3 d5 3. b3 Nf6 4. Bb2 Nbd7 5. e3 Be7 6. Be2 b6 7. O-O Bb7 8. d3
c5 9. Nbd2 O-O 10. d4 Ng4 11. Qc1 Nxe3 12. Re1 Nf5 13. Bd3 Nxd4 14. Nxd4 cxd4
15. Nf3 Bf6 16. b4 a5 17. a3 axb4 18. axb4 Qc7 19. Qd1 Qxf4 20. g3 Qc7 21. Nxd4
Rxa1 22. Bxa1 Ra8 23. Nxe6 fxe6 24. Qg4 Qd6 25. Qh5 h6 0-1